000 00542nam a22002177a 4500
003 UA-OsUOA
001 50308
007 ta
008 20071114b un ||||| |||| 00| 0 ukr d
090 _a94(477).154
_bМ71
942 _cBK
040 _aUA-OsUOA
_bukr
_cUA-OsUOA
_dUA-OsUOA
245 _aМіттенвальд 1946-1951
300 _a755 с.
955 _a2
041 _aukr
080 _a94(477).154
260 _aВоррен
_c2001
650 7 _a9 Географія. Біографії. Історія
_2UDC
999 _c336405
_d336405